| 000 | 00706nam a22001337a 4500 | ||
|---|---|---|---|
| 040 | _cRUA | ||
| 082 | _aFIS YOR 2021 B473 Or. | ||
| 100 | _aYORNG SOKCHAMROEUN យ៉ង់ សុខចំរើន | ||
| 245 | _aTHE COMPARISON OF RED TILAPIA AND NILE TILAPIA IN BIOFLOC SYSTEM. ការប្រៀបធៀបត្រីទីឡាព្យ៉ាក្រហម និងត្រីទីឡាព្យ៉ាឆ្មូតក្នុងលក្ខខណ្ឌប្រព័ន្ទប៊ីយូហ្លុក | ||
| 260 |
_aPhnom Penh _bRUA _c2021 |
||
| 300 |
_aXI.42P _bVIII. _c29CM |
||
| 856 | _uhttps://drive.google.com/file/d/1vsYc_vGt0LKZaJ1zTxiPiFDFbqoJaYQB/view?usp=sharing | ||
| 942 | _cFIS | ||
| 999 |
_c22614 _d22614 |
||